El concepto de vida cotidiana en Agnes Heller /

Guardado en:
Bibliografiske detaljer
Hovedforfatter: Anchondo y Gaytán, Rosa Leticia (autor)
Format: Bog
Sprog:spansk
Fag:
Tags: Tilføj Tag
Ingen Tags, Vær først til at tagge denne postø!

MARC

LEADER 00000nam^a2200000^a^4500
001 000075430
005 20250521000000.0
009 20260310091740.333
037 |a Acervo ITESO - Biblioteca 
041 |a ESP 
082 |a 302. 5  |b ANC 
100 |a Anchondo y Gaytán, Rosa Leticia  |e (autor) 
245 1 3 |a El concepto de vida cotidiana en Agnes Heller /  |c R.L. Anchondo y Gaytán. 
264 |a México :  |b edición de autor,  |c 1983 
300 |a 235 p. 
336 |a texto  |b txt  |2 rdacontenido 
337 |a sin mediación  |b n  |2 rdamedio 
338 |a volumen  |b nc  |2 rdasoporte 
593 |a Tesis de Lic. en Sociología, UNAM 
649 |a XX 
650 |a Marxismo 
650 |a Sociología -  |x Teoría 
650 |a Filosofía 
910 |a Fondo Armando Suárez Gómez 
920 |a Impresos - Tesis Externas 
930 |a Fondos Especiales 
905 |a 111 
901 |a 0700006574  |b IT2  |c ESP  |u 20250521 
902 |a https://opac.biblio.iteso.mx/vufind/Record/000075430